Missing Word: Arrow & The Flash Quiz Stats

 Plays Quiz Updated May 8, 2018

Challenge
Share
Tweet
Embed
Score 0/23 Timer 04:00
4 Plays Today
Character Missing Name % Correct
Barry _____Allen
97.6%
_____ SmoakFelicity
85.6%
_____ WestIris
85.1%
_____ QueenOliver
84.5%
Detective _____ WestJoe
84.3%
Dr. Harrison _____Wells
82.5%
Laurel _____Lance
82%
Dr. _____ SnowCaitlin
81.7%
Ra's al _____Ghul
80.9%
Detective _____ ThawneEddie
80.5%
Cisco _____Ramon
78.2%
John _____Diggle
75.8%
Character Missing Name % Correct
Roy _____Harper
74.4%
_____ QueenThea
74%
Ray _____Palmer
71.8%
_____ MerlynMalcolm
67.9%
_____ WilsonSlade
64.4%
_____ al GhulNyssa
60%
Captain _____ LanceQuentin
59%
Sebastian _____Blood
50.2%
Count _____Vertigo
47.2%
_____ FeiYao
41.1%
_____ NimbusKyle
31.9%

Today's Daily Dose

Word Ladder
Anchorman

Get the Picture
'Head' Bands

You're not logged in!

Compare scores with friends on all Sporcle quizzes.
OR
Log In

You Might Also Like...

Show Comments

Extras

Top Quizzes Today


Score Distribution

Your Account Isn't Verified!

In order to create a playlist on Sporcle, you need to verify the email address you used during registration. Go to your Sporcle Settings to finish the process.

Report this User

Report this user for behavior that violates our Community Guidelines.

Details: